000
00288nam a2200109Ia 4500
008
171211s9999 xx 000 0 und d
245
_a
Printmaking Unleashed
245
_c
Traci Bautista
260
_c
2014
650
_x
Drawing
856
_u
http://down.ebook777.com/005/978-1440333910.rar
999
_c
348023
_d
348023